000 04254cam a2200457 i 4500
999 _c8276
_d8276
001 243390
003 GBCCL
005 20241126110647.0
008 130212s2013 ilua b 001 0 eng
010 _a 2013005881
020 _a9780830828227 (paperback : acidfree paper)
020 _a0830828222 (paperback : acidfree paper)
020 _a9789383691319
035 _a(OCoLC)ocn827694803
035 _a(OCoLC)827694803
_z(OCoLC)828037566
040 _aDLC
_erda
_beng
_cDLC
_dYDX
_dYDXCP
_dBTCTA
_dOCLCO
_dBDX
_dKTS
_dTLE
_dLBB
042 _apcc
049 _aLBBK
050 0 0 _aBV4012.2
_b.A67 2013
082 0 0 _a259
_223
_bTRA
090 _aBV4012.2
_b.A67 2013
245 0 0 _aTransformative encounters :
_bthe intervention of God in Christian counseling and pastoral care /
_cedited by David W. Appleby and George Ohlschlager.
246 3 0 _aIntervention of God in Christian counseling and pastoral care
260 _aSecunderabad :
_bAuthentic,
_c[2014]
300 _a388 pages :
_billustrations ;
_c23 cm.
336 _atext
_btxt
_2rdacontent
337 _aunmediated
_bn
_2rdamedia
338 _avolume
_bnc
_2rdacarrier
504 _aIncludes bibliographical references and index.
505 0 0 _gForeword:
_tCounseling and Psychotherapy on a New Foundation /
_rEric L. Johnson --
_gIntroduction:
_tThe Call to Transformational Living /
_rDavid W. Appleby & George Ohlschlager --
_gPart 1:
_tTransformative Encounters Done in Church. --
_tThe Elijah House Model of Inner Healing /
_rMark Sandford --
_tTheophostic Prayer Ministry /
_rEd Smith --
_tDeliverance as Part of the Therapeutic Process /
_rDavid W. Appleby --
_tTransformative Interventions in Biblical Counseling /
_rEdward T. Welch --
505 0 0 _gPart 2:
_tTransformative Paradigms for Church or Clinic. --
_tSpiritually Oriented Cognitive Behavioral Therapy : A Christian Approach to Transforming People by the Way of Christ /
_rSiang-Yang Tan --
_tChristian Holism : Offering the Holy Spirit the Tools of Our Trade /
_rCharles L. Zeiders, Douglas Schoeninger, Herman Riffel, Robin Caccese & Julie Wegryn --
_tContemplative Focused Prayer in Christian Counseling /
_rJ. Mark Shadoan --
_tGod Is Present : The Concept of Christian Counseling at IGNIS, the German Association for Christian Psychology /
_rWerner May --
_tTransformation Through Christian Emotion-Focused Therapy /
_rLydia C.W. Kim-van Daalen & Eric L. Johnson --
_tFacilitating and Building on the God Encounter in Formational Counseling /
_rTerry Wardle --
_tThe Healing Cycle : A Transformational Model for Group Work /
_rJan Paul Hook & Joshua N. Hook --
_tHow God Comes Near and Transforms Us Through Forgiveness /
_rEverett L. Worthington Jr., Aubrey L. Gartner, David J. Jennings II, Chelsea L. Greer & Yin Lin --
_tPraying the Scriptures Within Cognitive/Behavioral/Systems Therapy /
_rGeorge Ohlschlager --
505 0 0 _gPart 3:
_tTransformative Interventions for Clinical Practice. --
_tChrist-Centered Visualization and EMDR in Healing Trauma /
_rArlys Norcross McDonald & Paula Johnston --
_tThe TRUTH Principle : Christian Cognitive-Behavioral Therapy for Depression and Anxiety /
_rLeslie Vernick --
_tGod's Intervention in Sex Addiction /
_rMark R. Laaser --
_tHuman Nature Concerning Addiction Recovery Within Group Therapy /
_rMyke Williams Dorsey --
_tThe Power of Christ in Transforming Unwanted Homosexual Behavior and Attractions /
_rJulie Harren Hamilton & Philip J. Henry --
_tFlourish in Life Coaching : Integrating Faith and the Science of Human Flourishing /
_rCatherine Hart Weber --
505 0 0 _gPart 4:
_tToward Universal Transformational Practice. --
_tTransformative Encounters : When God Steps In /
_rDavid W. Appleby --
_tToward a Universal Experiential Helping Model /
_rGeorge Ohlschlager --
_gAppendix:
_tKeeping Christ in Christian Counseling : Recent and Developing Threats Eroding Precious Rights to Religious Freedom and Client Self-Determination /
_rGeorge Ohlschlager.
650 0 _aPastoral counseling.
_9547
650 0 _aCounseling
_xReligious aspects
_xChristianity.
_92312
650 0 _aPastoral care.
_9578
650 0 _aPastoral psychology.
_9176
700 1 _aAppleby, David W.,
_d1948-
_eeditor of compilation.
_914420
700 1 _aOhlschlager, George W.,
_d1951-
_eeditor of compilation.
_914421
942 _2ddc
_cBK